| 000 | 00000nam##2200000za#4500 |
| 001 | 9.580088 |
| 003 | CaOODSP |
| 005 | 20210624190854 |
| 007 | cr ||||||||||| |
| 008 | 150406|2007||||xxc|||||o f|0| 0 eng|d |
| 022 | |a1488-5387 |
| 040 | |aCaOODSP|beng |
| 043 | |an-cn--- |
| 086 | 1 |aFs97-4/2800E-PDF |
| 110 | 1 |aCanada. |bDepartment of Fisheries and Oceans. |
| 245 | 10|aFish diets and food webs in the Northwest Territories : |h[electronic resource]|bbull trout (Salvelinus confluentus) / |cby D.B. Stewart ... [et al.] |
| 260 | |aWinnipeg - Manitoba : |bFisheries and Oceans Canada |c2007. |
| 300 | |a26p.|bfig., references, table |
| 490 | 1 |aCanadian manuscript report of fisheries and aquatic sciences|x1488-5387|vNo. 2800 |
| 500 | |aFile reproduced from original print. On t. p. : Central and Arctic Region, Winnipeg, MB. The catalogue number and ISSN for the print edition appear in the PDF version. |
| 546 | |a(Résumés en français) |
| 590 | |a14-13-Supp|b2014-06-23 |
| 720 | 1 |aStewart, D. B. |
| 776 | 0#|tFish diets and food webs in the Northwest Territories : |w(CaOODSP)9.618788 |
| 830 | #0|aCanadian manuscript report of fisheries and aquatic sciences,|x1488-5387|vNo. 2800|w(CaOODSP)9.505211 |
| 856 | 40|ahttp://publications.gc.ca|qPDF|s298 KB|uhttps://publications.gc.ca/collections/collection_2014/mpo-dfo/Fs97-4-2800-eng.pdf|yNo. 2800 |